Povinnosti samostatne zárobkovo činnej osoby v sociálnom poistení
Ustanovenie paragrafu 228 zákona č. 461/2003 Z. z. o sociálnom poistení. Povinnosti v sociálnom poistení pre samostatne zárobkovo činné osoby. Prihlásenie SZČO ako aj vznik, zmena a zánik povinného sociálneho poistenia.
Gespeichert in:
| 1. Verfasser: | |
|---|---|
| Format: | Buchkapitel |
| Sprache: | Slowakisch |
| Schlagworte: | |
| Tags: |
Keine Tags, Fügen Sie das erste Tag hinzu!
|
MARC
| LEADER | 00000naa a2200000 4500 | ||
|---|---|---|---|
| 001 | 0136920 | ||
| 005 | 20220729105218.3 | ||
| 041 | 0 | |a slo | |
| 044 | |a SK | ||
| 245 | 1 | 0 | |a Povinnosti samostatne zárobkovo činnej osoby v sociálnom poistení |c Andrea Zahoranová |
| 520 | |a Ustanovenie paragrafu 228 zákona č. 461/2003 Z. z. o sociálnom poistení. Povinnosti v sociálnom poistení pre samostatne zárobkovo činné osoby. Prihlásenie SZČO ako aj vznik, zmena a zánik povinného sociálneho poistenia. | ||
| 610 | 2 | 0 | |a poistenie sociálne |
| 610 | 2 | 0 | |a poistenie nemocenské |
| 610 | 2 | 0 | |a poistenie dôchodkové |
| 610 | 2 | 0 | |a poistné |
| 610 | 2 | 0 | |a osoby samostatne zárobkovo činné |
| 610 | 2 | 0 | |a poisťovne sociálne |
| 100 | 1 | |a Zahoranová, Andrea | |